书目信息 |
| 题名: |
咽炎中医治疗与饮食调养
|
|
| 作者: | 尹国有 主编 ;李洪斌 编著 | |
| 分册: | ||
| 出版信息: | 北京 金盾出版社 2017.09 |
|
| 页数: | 307页 | |
| 开本: | 21cm | |
| 丛书名: | ||
| 单 册: | ||
| 中图分类: | R276.161.4 , R247.1 , R276.161-44 | |
| 科图分类: | ||
| 主题词: | 咽炎--中医治疗法--基本知识 , 咽炎--食物疗法--基本知识 | |
| 电子资源: | ||
| ISBN: | 978-7-5186-1222-2 | |
| 000 | 01025nam0 2200265 450 | |
| 001 | 4998 | |
| 005 | 20181013171031.26 | |
| 010 | @a978-7-5186-1222-2@dCNY30.00 | |
| 100 | @a20171116d2017 em y0chiy50 ea | |
| 101 | 0 | @achi |
| 102 | @aCN@b110000 | |
| 105 | @ay z 000yy | |
| 200 | 1 | @a咽炎中医治疗与饮食调养@9yan yan zhong yi zhi liao yu yin shi tiao yang@f尹国有主编@g李洪斌[等]编著 |
| 210 | @a北京@c金盾出版社@d2017.09 | |
| 215 | @a307页@d21cm | |
| 330 | @a本书以问答的形式,简要介绍了咽炎的分类、发病原因、临床表现、诊断与鉴别诊断等基础知识;详细阐述了中医治疗咽炎辨证治疗、单方验方治疗、中成药治疗及针灸、穴位注射、耳针、敷贴拔罐等方法和饮食调养原则、注意事项、食疗方的材料、制作、用法、适应证等。 | |
| 606 | 0 | @a咽炎@x中医治疗法@x基本知识 |
| 606 | 0 | @a咽炎@x食物疗法@x基本知识 |
| 690 | @aR276.161.4@v5 | |
| 690 | @aR247.1@v5 | |
| 690 | @aR276.161-44@v4 | |
| 701 | 0 | @a尹国有@9yin guo you@4主编 |
| 702 | 0 | @a李洪斌@9li hong bin@4编著 |
| 801 | 0 | @aCN@b91MARC@c20171116 |
| 905 | @aMuseLib@dR276.161-44@e472 | |
| 咽炎中医治疗与饮食调养/尹国有主编/李洪斌[等]编著.-北京:金盾出版社,2017.09 |
| 307页;21cm |
| ISBN 978-7-5186-1222-2:CNY30.00 |
| 本书以问答的形式,简要介绍了咽炎的分类、发病原因、临床表现、诊断与鉴别诊断等基础知识;详细阐述了中医治疗咽炎辨证治疗、单方验方治疗、中成药治疗及针灸、穴位注射、耳针、敷贴拔罐等方法和饮食调养原则、注意事项、食疗方的材料、制作、用法、适应证等。 |
| ● |
| 相关链接 |
|
|
|
|
正题名:咽炎中医治疗与饮食调养
索取号:R276.161-44/472
 
预约/预借
| 序号 | 登录号 | 条形码 | 馆藏地/架位号 | 状态 | 备注 |
| 1 | 1127639 | 211276395 | 第二样本阅览室/ [索取号:R276.161-44/472] | 在馆 | |
| 2 | 1127640 | 211276402 | 密集书库-生命科学系/ [索取号:R276.161-44/472] | 在馆 | |
| 3 | 1127641 | 211276411 | 第三借阅区/ [索取号:R276.161-44/472] | 在馆 | |
| 4 | 1127642 | 211276420 | 第三借阅区/ [索取号:R276.161-44/472] | 在馆 | |
| 5 | 1127643 | 211276439 | 第三借阅区/ [索取号:R276.161-44/472] | 在馆 |